000 00890nam a2200193 i 4500
001 162722
003 ES-MaACL
005 20230906212603.0
008 000119s1875 sp |||| | spa d
100 1 _aPulido, Ángel,
_d1852-1932
_9149324
245 1 0 _aReseña del Museo Antropológico del Doctor Velasco
_b: (sito en el Paseo de Atocha de esta capital) /
_cpor el Dr. Á. Pulido.
260 _aMadrid :
_b[s.n.],
_c1875 (
_fImp., Fundición y Estereotipia de Juan Aguado)
300 _a56 p. ;
_c15 cm.
530 _aDisponible en formato digital.
610 2 4 _aMuseo Nacional de Antropología (España)
_9161989
852 _aES-MaACL
_jT-409-F-4
_z- Enc. hol., falto de cub. original
_z. - Sello de los Escolares Médicos
_z- Enc. en un vol. facticio
856 _uhttp://bdh-rd.bne.es/viewer.vm?id=0000203371&page=1
_zBiblioteca Digital Hispánica
999 _c162722
_d162722